La corresponsabilidad en la Iglesia de hoy /
Збережено в:
| Автор: | |
|---|---|
| Формат: | Книга |
| Мова: | Іспанська |
| Опубліковано: |
Bilbao, España :
Desclée de Brouwer,
1969, c1969
|
| Серія: | (Nueva Biblioteca de Teología) [s.n.]
|
| Предмети: | |
| Теги: |
Немає тегів, Будьте першим, хто поставить тег для цього запису!
|
MARC
| LEADER | 00000nam^a2200000^a^4500 | ||
|---|---|---|---|
| 001 | 000185317 | ||
| 005 | 20250521000000.0 | ||
| 009 | 20260310102147.921 | ||
| 037 | |a Acervo ITESO - Biblioteca | ||
| 041 | |a ESP | ||
| 082 | |a 262. 0017 |b SUE | ||
| 100 | |a Suenens, Leo Jozef |e (autor) | ||
| 245 | 1 | 3 | |a La corresponsabilidad en la Iglesia de hoy / |c L.J. Suenens. |
| 264 | 4 | |a Bilbao, España : |b Desclée de Brouwer, |c 1969, c1969 | |
| 300 | |a 199 p. | ||
| 336 | |a texto |b txt |2 rdacontenido | ||
| 337 | |a sin mediación |b n |2 rdamedio | ||
| 338 | |a volumen |b nc |2 rdasoporte | ||
| 440 | 1 | |a (Nueva Biblioteca de Teología) [s.n.] | |
| 649 | |a XX | ||
| 650 | |a Misión de la Iglesia | ||
| 650 | |a Iglesia Católica - |x Gobierno | ||
| 650 | |a Concilio Vaticano, 1962-1965 - |x Historia y Crítica | ||
| 650 | |a Eclesiología | ||
| 650 | |a Cristianismo | ||
| 650 | |a Religión | ||
| 910 | |a Fondo General | ||
| 920 | |a Impresos - Libros | ||
| 930 | |a Colección General | ||
| 905 | |a 101 | ||
| 901 | |a 0500126732 |b IT1 |c ACC |u 20250521 | ||
| 902 | |a https://opac.biblio.iteso.mx/vufind/Record/000185317 | ||